Cyprus Country Quiz - Statistics

General Stats
  • This quiz has been taken 300 times
  • The average score is 5 of 11
Answer Stats
Hint Answer % Correct
Capital Nicosia
98%
second largest city Limassol
71%
Currency (Republic of Cyprus Euro
69%
Highest Point Mount Olympus
55%
Second largest city in Northen Cyprus Famagusta
50%
Episkopi is largest city in what British Territory Akrotiri
45%
Above is in what mountain range Troodos Mountains
44%
Other area under British control Dhekelia
38%
Third Largest city Strovolos
12%
Largest mountain range of Northern Cyprus Kyrenia Mountains
8%
Highest point of Northern Cyprus Mount Kyparissovouno
4%
No matching quizzes found
Score Distribution
Percent of People with Each Score
Percentile by Number Answered
Your Score History
You have not taken this quiz